|
|
|
|
| LEADER |
00000cam a22000004a 4500 |
| 001 |
musev2_89941 |
| 003 |
MdBmJHUP |
| 005 |
20230905053004.0 |
| 006 |
m o d |
| 007 |
cr||||||||nn|n |
| 008 |
200522s2020 mnu o 00 0 eng d |
| 010 |
|
|
|z 2020022320
|
| 020 |
|
|
|a 9781452963334
|
| 020 |
|
|
|z 9781517909161
|
| 020 |
|
|
|z 1452963347
|
| 020 |
|
|
|z 1452963339
|
| 020 |
|
|
|z 9781452963341
|
| 035 |
|
|
|a (OCoLC)1158505654
|
| 040 |
|
|
|a MdBmJHUP
|c MdBmJHUP
|
| 043 |
|
|
|a a-cc---
|
| 050 |
0 |
4 |
|a N7345
|b .W348 2020
|
| 082 |
0 |
|
|a 700.951/0904
|2 23
|
| 100 |
1 |
|
|a Wang, Peggy,
|e author.
|
| 245 |
1 |
4 |
|a The Future History of Contemporary Chinese Art /
|c Peggy Wang.
|
| 264 |
|
1 |
|a Minneapolis :
|b University of Minnesota Press,
|c [2020]
|
| 264 |
|
3 |
|a Baltimore, Md. :
|b Project MUSE,
|c 2021
|
| 264 |
|
4 |
|c ©[2020]
|
| 300 |
|
|
|a 1 online resource (264 pages).
|
| 336 |
|
|
|a text
|b txt
|2 rdacontent
|
| 337 |
|
|
|a computer
|b c
|2 rdamedia
|
| 338 |
|
|
|a online resource
|b cr
|2 rdacarrier
|
| 504 |
|
|
|a Includes bibliographical references and index.
|
| 505 |
0 |
|
|a Spaces of Self-Recognition -- Zhang Xiaogang: Bloodline and Belonging -- Wang Guangyi: Pop and the People -- Sui Jianguo: The Matter of Endurance -- Zhang Peili: Dangers of Definition -- Lin Tianmiao: Threads of Resistance.
|
| 520 |
|
|
|a "A revelatory reclaiming of five iconic Chinese artists and their place in art history"--
|c Provided by publisher.
|
| 588 |
|
|
|a Description based on print version record.
|
| 650 |
|
0 |
|a Art, Chinese
|y 21st century.
|
| 650 |
|
0 |
|a Art, Chinese
|y 20th century.
|
| 600 |
1 |
0 |
|a Lin, Tianmiao,
|d 1961-
|x Criticism and interpretation.
|
| 600 |
1 |
0 |
|a Zhang, Peili,
|d 1957-
|x Criticism and interpretation.
|
| 600 |
1 |
0 |
|a Sui, Jianguo,
|d 1956-
|x Criticism and interpretation.
|
| 600 |
1 |
0 |
|a Wang, Guangyi,
|d 1957-
|x Criticism and interpretation.
|
| 600 |
1 |
0 |
|a Zhang, Xiaogang,
|d 1958-
|x Criticism and interpretation.
|
| 655 |
|
7 |
|a Electronic books.
|2 local
|
| 776 |
1 |
8 |
|i Online version:
|a Wang, Peggy.
|t Future history of contemporary Chinese art
|d Minneapolis : University of Minnesota Press, [2020]
|z 9781452963341
|w (DLC) 2020022321
|
| 710 |
2 |
|
|a Project Muse.
|e distributor
|
| 830 |
|
0 |
|a Book collections on Project MUSE.
|
| 856 |
4 |
0 |
|z Texto completo
|u https://projectmuse.uam.elogim.com/book/89941/
|
| 945 |
|
|
|a Project MUSE - Custom Collection
|
| 945 |
|
|
|a Project MUSE - 2021 Complete
|
| 945 |
|
|
|a Project MUSE - 2021 Art and Architecture
|